00717cpcaa2200229 a 4500001001300000003000400013005001700017008004100034010001700075040002400092072001200116100003800128245004700166300001300213506002200226545005100248546003600299580005700335656003200392656004600424999001700470mm 79002696 DLC20260227111641.0790731|||||||||||| eng  amm 79002696  aDLCcDLCdDLCedacs 7aN2lcmd1 aKing, John Pendleton,d1799-1888.00aJohn Pendleton King correspondence,f1835. a1fitem.0 aOpen to research.0 aU.S. senator of Georgia and railroad official. aCollection material in English. aForms part of: Miscellaneous Manuscripts collection. 7aRailroad officials.2itoamc 7aSenators, U.S. CongresszGeorgia.2itoamc c41133d41133